000 00702nam a2200265Ia 4500
003 OSt
005 20221006150543.0
006 a|||||r|||| 00| 0
007 ta
008 221006b |||||||| |||| 00| 0 jpn d
020 _a1910021025007
_c¥2500
024 _a19,029
037 _bGift, Japan Foundation
_cTextual
040 _aEASL
_cEASL
_bjpn
041 _2jpn
_ajpn
082 _aR842, N5
100 _aKOMATSU Hiroshi
_9656989
245 0 _aTanaka Shozo
260 _aTokyo
_bChikuma Shobo Japan
_c1995
300 _a220p.
_ccm.
490 _v JL
650 _aJL
942 _hR842, N5
_cTEXL
_2CC
999 _c1087115
_d1087115